000 00670nam a2200265Ia 4500
005 20260121172736.0
008 008 260114s9999 xx 000 0 eng d
020 _a9783030826420
037 _aEBOOK
040 _aCRL
040 _beng
040 _cCRL
041 _2eng
041 _aeng
084 _qCRL
100 _aPutri Swastika, Abbas Mirakhor
_91092175
245 0 _aApplying Risk-Sharing Finance for Economic Development
260 _bSpringer
260 _bSpringer
260 _c2021
856 _uhttps://link.springer.com/openurl?genre=book&isbn=978-3-030-82642-0
942 _cEBOOK
999 _c1657915
_d1657915